[Event "Jacobus De Cessolis"]
[Site "SchemingMind.com"]
[Date "2008.01.09"]
[Round "-"]
[White "heuschrecke"]
[Black "Chess_Man01"]
[Result "1/2-1/2"]
[WhiteCountry "GER"]
[BlackCountry "GBR"]
[WhiteElo "2393"]
[WhiteRD "91"]
[BlackElo "2288"]
[BlackRD "58"]
[GameID "136332"]

1. d4 Nf6 2. c4 e6 3. Nc3 Bb4 4. f3 O-O 5. e4 d5 6. cxd5 exd5 7. e5 Nfd7 8. f4 c5 9. a3 Ba5 10. Be3 cxd4
11. Bxd4 Nc6 12. Nf3 Bb6 13. Bxb6 Nxb6=
1/2-1/2

[Event "Jacobus De Cessolis"]
[Site "SchemingMind.com"]
[Date "2008.01.09"]
[Round "-"]
[White "demiurg"]
[Black "Chess_Man01"]
[Result "1-0"]
[WhiteCountry "HUN"]
[BlackCountry "GBR"]
[WhiteElo "2325"]
[WhiteRD "69"]
[BlackElo "1935"]
[BlackRD "59"]
[GameID "136333"]

1. e4 e5 2. Nf3 Nc6 3. Bb5 a6 4. Ba4 Nf6 5. O-O Be7 6. Re1 O-O 7. Bxc6 dxc6 8. Nxe5 Re8 9. Nf3 Bg4 10. d3 Nd7
11. h3 Bh5 12. Bf4 Nc5 13. Nbd2 Ne6 14. Be3 Ng5 15. Bxg5 Bxg5 16. g4 Bg6= 17. Nxg5 Qxg5 18. Nf3 Qf6 19. e5 Qe7 20. Qd2 Rad8=
21. Kg2 b6 22. a4 a5 23. Ra3 f5 24. Kg3 fxg4 25. hxg4 Rf8= 26. Rc3 Be8 27. Rc4 c5 28. Rf4
1-0

[Event "Jacobus De Cessolis"]
[Site "SchemingMind.com"]
[Date "2008.01.09"]
[Round "-"]
[White "Konan_Kaddosh"]
[Black "Chess_Man01"]
[Result "1-0"]
[WhiteCountry "ITA"]
[BlackCountry "GBR"]
[WhiteElo "2559"]
[WhiteRD "66"]
[BlackElo "2277"]
[BlackRD "63"]
[GameID "136334"]

1. e4 e5 2. Nf3 Nf6 3. Nxe5 d6 4. Nf3 Nxe4 5. Nc3 Nf6 6. d4 Be7 7. Bd3 O-O 8. O-O Re8 9. Re1 Bg4 10. h3 Bh5
11. Bg5 c6 12. Bxf6 Bxf6 13. Rxe8+ Qxe8 14. Ne4 Qe7 15. g4 Bg6= 16. Qd2 d5 17. Nxf6+ Qxf6= 18. Qb4 b6= 19. Ne5 Bxd3 20. cxd3 Qe6=
21. Re1 h6 22. Kg2 Qf6 23. Re2 Na6 24. Qa4 Nb8= 25. Rc2 a6 26. Qb4 c5 27. Qa4 Qe6= 28. dxc5 bxc5 29. Qb3 Nc6 30. Qb7 Rb8
31. Qxc6 Qxe5 32. Qxc5 h5 33. Qe3 Qf6 34. b3 hxg4 35. hxg4 Rb4 36. Rc8+ Kh7 37. Qh3+ Qh6 38. Qxh6+ gxh6 39. f3 a5 40. Ra8 Rd4
41. Rxa5 Rxd3 42. Kg3 Kg6 43. Kf4 f6 44. Rb5 Rd2 45. a4 d4 46. b4 d3 47. Ke3 Rd1 48. Rb6 Ra1 49. a5 d2 50. Kxd2 Ra2+
51. Kd3 Ra3+ 52. Ke4
1-0

[Event "Jacobus De Cessolis"]
[Site "SchemingMind.com"]
[Date "2008.01.09"]
[Round "-"]
[White "Adunatos"]
[Black "Chess_Man01"]
[Result "1-0"]
[WhiteCountry "NED"]
[BlackCountry "GBR"]
[WhiteElo "2322"]
[WhiteRD "72"]
[BlackElo "2288"]
[BlackRD "58"]
[GameID "136335"]

1. e4 e6 2. d4 d5 3. Nc3 Bb4 4. e5 c5 5. Bd2 a6 6. a3 cxd4 7. axb4 dxc3 8. Bxc3 Ne7 9. Nf3 O-O 10. Bd3 Ng6
11. h4 Nc6 12. h5 Nf4 13. Bf1 d4 14. Bd2 Nd5 15. b5 Nce7 16. h6 g6 17. Nxd4 f6 18. Nf3 fxe5 19. Qe2
1-0

[Event "Jacobus De Cessolis"]
[Site "SchemingMind.com"]
[Date "2008.01.09"]
[Round "-"]
[White "badbishop"]
[Black "Chess_Man01"]
[Result "1-0"]
[WhiteCountry "POL"]
[BlackCountry "GBR"]
[WhiteElo "2246"]
[WhiteRD "73"]
[BlackElo "1935"]
[BlackRD "59"]
[GameID "136336"]

1. e4 e5 2. Nf3 Nc6 3. d4 exd4 4. Nxd4 Nf6 5. Nxc6 bxc6 6. e5 Qe7 7. Qe2 Nd5 8. c4 Nb6 9. Nc3 Qe6 10. Qe4 d5
11. exd6 Qxe4+ 12. Nxe4 cxd6 13. Be3 Bf5 14. f3 Be7 15. O-O-O Rd8 16. Bd3 O-O 17. Rhe1 d5 18. cxd5 cxd5 19. Nf6+ Bxf6 20. Bxf5 Nc4
21. Bd4 Bxd4 22. Rxd4 Rfe8 23. Rxe8+ Rxe8 24. Bd3 Ne3= 25. g3 f5 26. Kd2 Re7 27. h4 g6 28. b4 Kf7 29. a4 Ke8 30. h5 g5
31. b5 Kd7 32. Rb4 Kd6 33. b6 axb6 34. Rxb6+
1-0

[Event "Jacobus De Cessolis"]
[Site "SchemingMind.com"]
[Date "2008.01.09"]
[Round "-"]
[White "Stavrogin"]
[Black "Chess_Man01"]
[Result "0-1"]
[WhiteCountry "GER"]
[BlackCountry "GBR"]
[WhiteElo "1912"]
[WhiteRD "62"]
[BlackElo "2263"]
[BlackRD "56"]
[GameID "136337"]

1. e4 e5 2. Nf3 Nc6 3. Bb5 a6 4. Ba4 Nf6 5. O-O Be7 6. Re1 O-O 7. Bxc6 dxc6 8. Nxe5 Re8 9. Nf3 Bg4 10. d3 Nd7
11. h3 Bh5
0-1

[Event "Jacobus De Cessolis"]
[Site "SchemingMind.com"]
[Date "2008.01.09"]
[Round "-"]
[White "joralx3"]
[Black "Chess_Man01"]
[Result "1-0"]
[WhiteCountry "ARG"]
[BlackCountry "GBR"]
[WhiteElo "2427"]
[WhiteRD "88"]
[BlackElo "2263"]
[BlackRD "56"]
[GameID "136338"]

1. e4 e6 2. d4 d5 3. Nc3 Bb4 4. e5 c5 5. a3 cxd4 6. axb4 dxc3 7. Qg4 cxb2 8. Bxb2 Qe7 9. Qf4 Nh6 10. Nf3 Nf5
11. Bd3 Na6 12. Ba3 Qc7 13. O-O O-O 14. Rfc1 Rd8= 15. g4 Nh6 16. c4
1-0

[Event "Jacobus De Cessolis"]
[Site "SchemingMind.com"]
[Date "2008.01.10"]
[Round "-"]
[White "Apocalypse"]
[Black "Goran"]
[Result "1/2-1/2"]
[WhiteCountry "USA"]
[BlackCountry "ITA"]
[WhiteElo "2360"]
[WhiteRD "73"]
[BlackElo "2546"]
[BlackRD "72"]
[GameID "136367"]

1. e4 e5 2. Bc4 Nf6 3. d3 c6 4. Nf3 d5 5. exd5 cxd5 6. Bb3 Bb4+ 7. c3 Bd6 8. Bg5 Be6 9. c4 dxc4 10. Bxc4 e4
11. Bb5+ Bd7 12. Bxd7+ Qxd7 13. dxe4 Nxe4 14. O-O O-O 15. Nc3 Nxc3 16. bxc3 h6 17. Bh4 Re8 18. Rb1 Nc6 19. Rb5 Qc7 20. Rd5 Re6
21. Re1 Rae8 22. Rxe6 Rxe6 23. Bg3 Bxg3 24. hxg3 Re8 25. c4 Re7 26. a3 Qb6 27. Qc2 g6 28. Qa2 Kh7 29. Kh2 Qc7 30. Qc2 Qc8
31. Rh5 Qe8 32. Rh3= Qb8 33. Qd2 h5 34. Rh4 Qc7 35. Rf4 Kg8= 36. a4 Qd8 37. Qc3 Qd6 38. c5 Qd5 39. Qc2 a6 40. Rf6 Ne5
41. Nxe5 Qxe5 42. Rf4 Rc7 43. Rc4 Qd5 44. a5 Qe5 45. f4 Qd5 46. Qc3=
1/2-1/2

[Event "Jacobus De Cessolis"]
[Site "SchemingMind.com"]
[Date "2008.01.10"]
[Round "-"]
[White "Apocalypse"]
[Black "heuschrecke"]
[Result "1-0"]
[WhiteCountry "USA"]
[BlackCountry "GER"]
[WhiteElo "2362"]
[WhiteRD "77"]
[BlackElo "2456"]
[BlackRD "86"]
[GameID "136368"]

1. e4 c5 2. Nf3 d6 3. d4 cxd4 4. Nxd4 Nf6 5. Nc3 a6 6. Bg5 e6 7. f4 Qb6 8. Qd2 Qxb2 9. Nb3 Qa3 10. Be2 Be7
11. O-O Nbd7 12. f5 O-O 13. Nb1 Qa4 14. Nc3 Qc6 15. Nd4 Qb6 16. Rab1 Qa7 17. Be3 Nc5 18. Bf3 Bd7 19. Nb3 Bc6 20. Nxc5 dxc5
21. e5 Nd7 22. f6 gxf6 23. exf6 Bxf6 24. Bh6 Be5 25. Rbd1 f6 26. Bxc6 bxc6 27. Qxd7
1-0

[Event "Jacobus De Cessolis"]
[Site "SchemingMind.com"]
[Date "2008.01.10"]
[Round "-"]
[White "Apocalypse"]
[Black "demiurg"]
[Result "1/2-1/2"]
[WhiteCountry "USA"]
[BlackCountry "HUN"]
[WhiteElo "2360"]
[WhiteRD "73"]
[BlackElo "2371"]
[BlackRD "68"]
[GameID "136369"]

1. e4 c5 2. c3 Nf6 3. e5 Nd5 4. d4 cxd4 5. Nf3 Nc6 6. cxd4 d6 7. Bc4 Nb6 8. Bb3 dxe5 9. d5 Na5 10. Nc3 f6
11. O-O g6 12. Be3 Bg7 13. Nd2 Bf5 14. a4 Bd3 15. Ba2 Rc8 16. Rc1 Nbc4 17. Nxc4 Bxc4 18. b3 Bxf1 19. Qxf1 b6 20. b4 Nb7
21. Nb5 Nd6 22. Nxa7 Ra8 23. Qa6 Qd7 24. Bxb6 Qg4 25. h3 Qe4 26. Be3 O-O 27. b5 f5 28. b6 f4 29. Bb1 Qxd5 30. Bc5 e4
31. Bxd6 exd6 32. b7 Qd2 33. Rf1 Rae8 34. Nc8 e3 35. Bxg6 hxg6 36. b8=Q e2 37. Qbxd6 e1=Q 38. Rxe1 Qxe1+ 39. Kh2 Rxc8 40. Qxg6 f3
41. Qad3 Qe5+ 42. g3 Rf7 43. Qxf7+=
1/2-1/2

[Event "Jacobus De Cessolis"]
[Site "SchemingMind.com"]
[Date "2008.01.10"]
[Round "-"]
[White "Apocalypse"]
[Black "Konan_Kaddosh"]
[Result "0-1"]
[WhiteCountry "USA"]
[BlackCountry "ITA"]
[WhiteElo "2360"]
[WhiteRD "73"]
[BlackElo "2598"]
[BlackRD "63"]
[GameID "136370"]

1. e4 c5 2. Nc3 Nc6 3. Nf3 e6 4. d4 cxd4 5. Nxd4 Nf6 6. Ndb5 d6 7. Bf4 e5 8. Bg5 a6 9. Na3 b5 10. Nd5 Be7
11. Nxe7 Nxe7 12. Qf3 Bg4 13. Qg3 Be6 14. Qf3 Nd7 15. Rd1 h6 16. Bd2 f5 17. Qg3 Kf7 18. Bd3 f4 19. Qf3 Nc6 20. c3 Nf6
21. Qe2 Bxa2 22. O-O Bb3 23. Bc2 Be6 24. Be1 Qb6 25. Kh1 Rad8 26. f3 Qc7 27. Bf2 Rhe8 28. Bh4 g5 29. Bf2 Kg7 30. c4 b4
31. Nb1 Nd4 32. Bxd4 Bxc4 33. Bd3 Bxd3 34. Qxd3 exd4 35. Qxa6 d5 36. Rxd4 Rd6 37. Qe2 dxe4 38. Rxb4 e3 39. Re1 Rb8 40. Rc4 Qb7
41. b4 Rc6 42. Rec1 Qa6 43. Na3 Rxb4 44. h3 Ra4 45. Qf1 Re6 46. Rc7+ Kg6 47. Nc4 e2 48. Qe1 Qb5 49. Rb1 Qd5 50. Nb6 Qa5
51. Nxa4 Qxc7 52. Qd2 Re3
0-1

[Event "Jacobus De Cessolis"]
[Site "SchemingMind.com"]
[Date "2008.01.10"]
[Round "-"]
[White "Apocalypse"]
[Black "Adunatos"]
[Result "1-0"]
[WhiteCountry "USA"]
[BlackCountry "NED"]
[WhiteElo "2362"]
[WhiteRD "77"]
[BlackElo "2358"]
[BlackRD "72"]
[GameID "136371"]

1. e4 c6 2. c4 d5 3. exd5 cxd5 4. cxd5 Nf6 5. Qa4+ Nbd7 6. Nc3 g6 7. Bc4 Bg7 8. d3 O-O 9. Nf3 a6 10. Qa3 Nb6
11. Qb3 Bg4 12. Be3 Nxc4 13. dxc4 Bxf3 14. gxf3 b5 15. c5 b4 16. Qxb4 Nxd5 17. Nxd5 Qxd5 18. Qe4 Rad8 19. Qxd5 Rxd5 20. Rb1 f5
21. b4 f4 22. Bd2 Bd4 23. Rc1 Bxf2+ 24. Ke2 Bd4 25. Rc4 Be5 26. a4 Rf5 27. Be1 Rf8 28. Bf2 Rfd8 29. Rc2 Bf6 30. Rb1
1-0

[Event "Jacobus De Cessolis"]
[Site "SchemingMind.com"]
[Date "2008.01.10"]
[Round "-"]
[White "Apocalypse"]
[Black "badbishop"]
[Result "1-0"]
[WhiteCountry "USA"]
[BlackCountry "POL"]
[WhiteElo "2369"]
[WhiteRD "77"]
[BlackElo "2222"]
[BlackRD "69"]
[GameID "136372"]

1. e4 c5 2. Nf3 d6 3. d4 cxd4 4. Nxd4 Nf6 5. Nc3 Nc6 6. Bg5 Bd7 7. Qd2 Rc8 8. O-O-O Nxd4 9. Qxd4 Qa5 10. f4 Rxc3
11. bxc3 e5 12. Qb4 Qxb4 13. cxb4 Nxe4 14. Bh4 Nc3 15. Re1 Nxa2+ 16. Kd2 Nxb4 17. Rb1 a5 18. c3 Nc6 19. Rxb7 Be7 20. Bxe7 Kxe7
21. Bb5 Rc8 22. Re1 f6 23. Re3 Nb8 24. Rg3 g6 25. f5 d5 26. Rh3
1-0

[Event "Jacobus De Cessolis"]
[Site "SchemingMind.com"]
[Date "2008.01.10"]
[Round "-"]
[White "Apocalypse"]
[Black "Stavrogin"]
[Result "1-0"]
[WhiteCountry "USA"]
[BlackCountry "GER"]
[WhiteElo "2311"]
[WhiteRD "76"]
[BlackElo "1912"]
[BlackRD "62"]
[GameID "136373"]

1. e4 e5 2. Nf3 Nc6 3. Bb5 a6 4. Bxc6 dxc6 5. O-O f6 6. d4 exd4 7. Nxd4 c5 8. Ne2 Qxd1 9. Rxd1 Bd7 10. Nbc3 O-O-O
11. f3 Ne7 12. Be3 Ng6 13. Rd2
1-0

[Event "Jacobus De Cessolis"]
[Site "SchemingMind.com"]
[Date "2008.01.10"]
[Round "-"]
[White "Apocalypse"]
[Black "Chess_Man01"]
[Result "1-0"]
[WhiteCountry "USA"]
[BlackCountry "GBR"]
[WhiteElo "2417"]
[WhiteRD "81"]
[BlackElo "1935"]
[BlackRD "59"]
[GameID "136374"]

1. e4 d6 2. d4 Nf6 3. Nc3 g6 4. f4 Bg7 5. Nf3 O-O 6. Bd3 Na6 7. a3 c5 8. d5 Bg4 9. O-O Rc8= 10. Be2 c4
11. Be3 Nc5= 12. Nd2 Bxe2 13. Qxe2 Qd7 14. Bd4 b5 15. Rad1 a6 16. Kh1 Qg4 17. Rf3 h6= 18. Qf2 Ne8 19. e5 Nb7 20. Nde4 Qd7=
21. Qh4 a5 22. e6 fxe6 23. Bxg7 Kxg7 24. dxe6 Qxe6 25. Re1 Qg8 26. Qxe7+ Qf7 27. Qh4 b4 28. axb4 axb4 29. f5 bxc3 30. fxg6 Qxg6
31. Rg3 Rc7 32. Rxg6+ Kxg6 33. Nxc3
1-0

[Event "Jacobus De Cessolis"]
[Site "SchemingMind.com"]
[Date "2008.01.10"]
[Round "-"]
[White "Apocalypse"]
[Black "joralx3"]
[Result "1/2-1/2"]
[WhiteCountry "USA"]
[BlackCountry "ARG"]
[WhiteElo "2365"]
[WhiteRD "72"]
[BlackElo "2437"]
[BlackRD "80"]
[GameID "136375"]

1. e4 c5 2. Ne2 d6 3. Nbc3 Nf6 4. d4 cxd4 5. Nxd4 a6 6. f3 e5 7. Nb3 Be6 8. f4 exf4 9. Bd3 Be7 10. Bxf4 Nc6
11. O-O O-O 12. Nd5 Bxd5 13. exd5 Ne5 14. Kh1 Rc8 15. c3 Re8 16. Bf5 Rc7 17. Rb1 g6 18. Bc2 Rc8 19. Qd2 Nc4 20. Qf2 Ng4
21. Qf3 Nge5 22. Qh3 Bg5 23. Bxe5 Nxe5 24. Nd4 Bd2 25. Ba4 b5 26. Bd1 Qg5 27. Be2 Rb8 28. Nc2 Kg7 29. Rbd1 Rb7 30. Nb4 Ra7
31. g4 Bf4 32. Qg2=
1/2-1/2

[Event "Jacobus De Cessolis"]
[Site "SchemingMind.com"]
[Date "2008.01.10"]
[Round "-"]
[White "Goran"]
[Black "Apocalypse"]
[Result "1-0"]
[WhiteCountry "ITA"]
[BlackCountry "USA"]
[WhiteElo "2513"]
[WhiteRD "72"]
[BlackElo "2365"]
[BlackRD "72"]
[GameID "136376"]

1. d4 d5 2. c4 c6 3. Nc3 Nf6 4. Nf3 e6 5. Bg5 h6 6. Bh4 dxc4 7. e4 g5 8. Bg3 b5 9. Be2 Bg7 10. O-O g4
11. Ne1 Nh5 12. e5 Nxg3 13. hxg3 O-O 14. Bxg4 Nd7 15. Nc2 Qb6 16. f4 Bb7 17. a4 a6 18. Qe2 c5 19. d5 exd5 20. Bxd7 d4
21. f5 Qc7 22. f6 Qxd7 23. fxg7 Rfe8 24. Ne4 Bxe4 25. Qxe4 Qe6 26. Rf5 Rad8 27. Qf4 Qg6 28. axb5
1-0

[Event "Jacobus De Cessolis"]
[Site "SchemingMind.com"]
[Date "2008.01.10"]
[Round "-"]
[White "heuschrecke"]
[Black "Apocalypse"]
[Result "1-0"]
[WhiteCountry "GER"]
[BlackCountry "USA"]
[WhiteElo "2505"]
[WhiteRD "93"]
[BlackElo "2360"]
[BlackRD "73"]
[GameID "136377"]

1. d4 d5 2. c4 c6 3. Nc3 Nf6 4. Nf3 e6 5. Bg5 Nbd7 6. e3 h6 7. Bh4 Be7 8. Rc1 O-O 9. Bd3 dxc4 10. Bxc4 b5
11. Bd3 a6 12. a4 Bb7 13. O-O b4 14. Bxf6 Nxf6 15. Ne4 Nd7 16. Bb1 Rc8 17. Qd3 g6 18. h4 Qa5 19. Ng3 Qxa4 20. h5 Qb5
21. hxg6 Qxd3 22. Bxd3 a5 23. Bc4 c5 24. gxf7+ Kxf7 25. Bb5 Bxf3 26. Bxd7 Rc7 27. Bxe6+ Kxe6 28. gxf3 a4 29. Rc4 Ra8 30. Ne4 a3
31. dxc5 Rb7 32. b3 Bf8 33. Ra1 Rd8 34. Kf1 Bg7 35. Ra2 Rd1+ 36. Kg2 Bf8 37. c6 Rc7 38. Nd2 Rg7+ 39. Kh2 Rg8 40. f4 Bd6
41. Rac2 Ra8 42. Ne4 Be7= 43. c7 Rc8 44. Kg3 h5 45. Kf3 Rd5 46. Ng5+ Kd7 47. Nf7 Ke8 48. Ne5 Bd6 49. Rc1 h4 50. Rg1 a2
51. Rc2 Bxe5 52. fxe5 Rxe5 53. Rxa2 Rxc7 54. Rg4 Rh5 55. Re4+ Kd7 56. Kg4 Rh8 57. Kh3 Rc1 58. Rd2+ Kc6 59. Rxb4 Rh1+ 60. Kg2 Rb1
61. Rc2+ Kd6 62. Rd4+ Ke7 63. b4 h3+ 64. Kh2 Rg8 65. f4 Rb3 66. Re4+ Kf7 67. Kxh3 Rb1 68. Kh2 Kf6 69. Re5 Rxb4 70. Rc6+ Kf7
71. Rf5+ Ke7 72. Ra5 Kd7 73. Rh6 Rb2+ 74. Kh3 Kc7 75. Ra7+ Kb8 76. Rha6 Rg1 77. Ra1 Rgg2 78. e4 Rbd2 79. e5 Rde2 80. R7a3 Kb7
81. Rc3 Rh2+ 82. Kg4 Reg2+ 83. Rg3 Rc2 84. e6 Kc7 85. f5 Rh8 86. Ra7+ Kb6 87. Rg7 Re2 88. e7 Rf2 89. Kg5 Rf1 90. Re3 Re8
91. f6 Ra8 92. f7
1-0

[Event "Jacobus De Cessolis"]
[Site "SchemingMind.com"]
[Date "2008.01.10"]
[Round "-"]
[White "demiurg"]
[Black "Apocalypse"]
[Result "1-0"]
[WhiteCountry "HUN"]
[BlackCountry "USA"]
[WhiteElo "2371"]
[WhiteRD "68"]
[BlackElo "2360"]
[BlackRD "73"]
[GameID "136378"]

1. e4 e5 2. Nf3 Nc6 3. Bb5 Nf6 4. Qe2 Bc5 5. c3 Qe7 6. O-O O-O 7. d3 d6 8. h3 a6 9. Bxc6 bxc6 10. d4 exd4
11. cxd4 Bb6 12. Nc3 Bb7 13. Re1 Nd7 14. Bf4 Rfe8 15. Qc2 Qf6 16. Be3 Rab8 17. a4 Ba5 18. Rab1 c5 19. dxc5 dxc5 20. Nd2 Rbd8
21. Rbd1 Bc6 22. Nd5 Qg6 23. Nf4 Bxe4 24. Nxe4 Qxe4 25. Re2 c6 26. b3 h6 27. Qxe4 Rxe4 28. Rc2 f5 29. Kf1 g5 30. Nh5 Re6
31. g3 Ne5 32. Rxd8+ Bxd8 33. Bxc5 Nf3 34. Bb4 Re4 35. Ba5 Nd4 36. Rc4 Bxa5 37. Nf6+ Kg7 38. Nxe4 Nxb3 39. Rxc6 fxe4 40. Rxa6 Bd2
41. Rc6
1-0

[Event "Jacobus De Cessolis"]
[Site "SchemingMind.com"]
[Date "2008.01.10"]
[Round "-"]
[White "Konan_Kaddosh"]
[Black "Apocalypse"]
[Result "1/2-1/2"]
[WhiteCountry "ITA"]
[BlackCountry "USA"]
[WhiteElo "2559"]
[WhiteRD "66"]
[BlackElo "2393"]
[BlackRD "79"]
[GameID "136379"]

1. e4 c5 2. Nf3 d6 3. d4 cxd4 4. Nxd4 Nf6 5. Nc3 a6 6. Be2 e6 7. O-O Be7 8. f4 e5 9. Nb3 O-O 10. f5 b5
11. Be3 Nbd7 12. a3 Bb7 13. Bf3 Rc8 14. Re1 Nb6 15. Qd3 Re8 16. Na5 Ba8 17. Bf2 Qc7 18. Rad1 Na4 19. Nxa4 bxa4 20. Qxa6 Qxc2
21. Be3 Qxb2 22. Nc4 Qb3 23. Nb6 Rb8 24. Rb1 Qxa3 25. Ra1 Qc3 26. Rac1 Qb3 27. Rb1 Qa2 28. Ra1 Bb7 29. Qa7 Qb3 30. Rab1 Qd3
31. Nxa4= Bf8 32. h3 h6 33. Bf2 Qa6 34. Nc3 Qxa7 35. Bxa7 Rbc8=
1/2-1/2

[Event "Jacobus De Cessolis"]
[Site "SchemingMind.com"]
[Date "2008.01.10"]
[Round "-"]
[White "Adunatos"]
[Black "Apocalypse"]
[Result "1/2-1/2"]
[WhiteCountry "NED"]
[BlackCountry "USA"]
[WhiteElo "2337"]
[WhiteRD "67"]
[BlackElo "2365"]
[BlackRD "72"]
[GameID "136380"]

1. e4 d6 2. d4 g6 3. Nc3 Bg7 4. Nf3 c6 5. Be2 Bg4 6. O-O Nd7 7. h3 Bxf3 8. Bxf3 Qb6 9. Ne2 Ngf6 10. a4 O-O
11. c3 e5 12. a5 Qc7 13. a6 Rfe8 14. Ng3 bxa6 15. Rxa6 Qb7 16. Ra3 d5 17. Re1 a5 18. Rb3 Qc7 19. Bg5 Nxe4 20. Nxe4 h6
21. Bh4 dxe4 22. Bxe4 f5 23. Bf3 Bf8 24. d5 Nc5 25. dxc6 e4 26. Be2 Kh7 27. Bc4 Nxb3 28. Bxb3 Qxc6 29. Ba4 Qe6 30. Bxe8 Rxe8
31. Bg3 Qc6 32. Qb3 Kg7 33. Ra1 Bc5 34. Qa4= Qxa4 35. Rxa4 Bb6 36. Bf4 Rd8 37. g4 h5=
1/2-1/2

[Event "Jacobus De Cessolis"]
[Site "SchemingMind.com"]
[Date "2008.01.10"]
[Round "-"]
[White "badbishop"]
[Black "Apocalypse"]
[Result "1/2-1/2"]
[WhiteCountry "POL"]
[BlackCountry "USA"]
[WhiteElo "2225"]
[WhiteRD "64"]
[BlackElo "2365"]
[BlackRD "72"]
[GameID "136381"]

1. e4 g6 2. d4 Bg7 3. Nc3 b6 4. f4 Ba6 5. Bxa6 Nxa6 6. Nf3 c6 7. O-O d6 8. f5 gxf5 9. Ng5 Nf6 10. Qe2 Qc8
11. exf5 Nc7 12. Bf4 Qd7 13. Rae1 h6 14. Nf3 b5 15. Nd2 Rg8 16. Nde4 Nxe4 17. Qxe4 O-O-O 18. Kh1 Kb8 19. Qxe7 Bxd4 20. Qxd7 Rxd7
21. Bxh6 Bxc3 22. bxc3 Nd5 23. Rf3 Rg4 24. h3 Ra4 25. g4 f6 26. g5 fxg5=
1/2-1/2

[Event "Jacobus De Cessolis"]
[Site "SchemingMind.com"]
[Date "2008.01.10"]
[Round "-"]
[White "Stavrogin"]
[Black "Apocalypse"]
[Result "0-1"]
[WhiteCountry "GER"]
[BlackCountry "USA"]
[WhiteElo "1912"]
[WhiteRD "62"]
[BlackElo "2311"]
[BlackRD "76"]
[GameID "136382"]

1. e4 c6 2. d4 d5 3. e5 Bf5 4. Nf3 e6 5. Be2 Nd7 6. O-O h6 7. Nbd2 Ne7 8. c3 a6 9. Nb3 Qc7 10. Nh4 Bh7
11. f4 O-O-O
0-1

[Event "Jacobus De Cessolis"]
[Site "SchemingMind.com"]
[Date "2008.01.10"]
[Round "-"]
[White "Chess_Man01"]
[Black "Apocalypse"]
[Result "1/2-1/2"]
[WhiteCountry "GBR"]
[BlackCountry "USA"]
[WhiteElo "2284"]
[WhiteRD "60"]
[BlackElo "2365"]
[BlackRD "72"]
[GameID "136383"]

1. Nf3 Nf6 2. c4 e6 3. Nc3 c5 4. g3 b6 5. Bg2 Bb7 6. O-O Be7 7. d4 cxd4 8. Qxd4 Nc6 9. Qf4 O-O 10. Rd1 Qb8
11. b3 d6 12. Bb2 Ne5 13. h3 Ng6 14. Qe3 Rd8 15. a4 d5 16. cxd5 Bc5 17. Qg5= Bxd5 18. b4 h6 19. Qc1 Bxb4 20. Nxd5 Nxd5
21. Nd4 Rc8 22. Qb1 Bc3 23. Ra3 Bxb2 24. Qxb2 Rc5 25. Rad3= Qe8 26. Nb5 Nge7 27. e4 Nc7 28. Nxa7 Ra5 29. Nb5 Nxb5 30. axb5 Rxb5
31. Qd2 e5 32. Rd8 Rxd8 33. Qxd8 Qxd8 34. Rxd8+=
1/2-1/2

[Event "Jacobus De Cessolis"]
[Site "SchemingMind.com"]
[Date "2008.01.10"]
[Round "-"]
[White "joralx3"]
[Black "Apocalypse"]
[Result "1/2-1/2"]
[WhiteCountry "ARG"]
[BlackCountry "USA"]
[WhiteElo "2437"]
[WhiteRD "80"]
[BlackElo "2365"]
[BlackRD "72"]
[GameID "136384"]

1. e4 e6 2. d4 d5 3. Nc3 Nf6 4. e5 Nfd7 5. f4 c5 6. Nf3 Qb6 7. Be3 a6 8. a3 Nc6 9. dxc5 Bxc5 10. Na4 Qa5+
11. b4 Qxa4 12. bxc5 O-O 13. c4 Qa5+ 14. Qd2 Qxd2+ 15. Kxd2 Rd8 16. Kc3 Ne7 17. Bd3 b6 18. cxb6 dxc4 19. Bxc4 Bb7 20. Rac1 Bd5
21. Bxd5 Nxd5+ 22. Kd3 N7xb6 23. Bxb6 Nxb6+ 24. Ke4 Rac8 25. Rxc8 Rxc8 26. Rb1 Nd5 27. Rb3 h6 28. Nd2 Rc2 29. Kd3 Ra2 30. g3 a5
31. Nc4=
1/2-1/2